MARC

LEADER 00000nam0a2200000 4500
001 310363
005 20231102002259.0
010 |b 10000 экз. 
035 |a (RuTPU)RU\TPU\book\335712 
090 |a 310363 
100 |a 20151124d1921 m y0rusy50 ca 
101 0 |a rus 
102 |a RU 
105 |a a j 001zy 
200 1 |a Тракторы  |e (руководство для приступающих к изучению)  |f П. Белянчиков  |g РСФСР, Народный комиссариат земледелия 
210 |a Москва  |c Государственное изд-во  |d 1921 
215 |a 143 с.  |c ил. 
317 |5 63413507: 33//238  |a Поступил в НТБ в период с 1915 по 1925 гг. в дар от профессора И. И. Бобарыкова 
606 1 |a Тракторы  |x Сельское хозяйство  |x Ремонт  |x Сборка и разборка  |x Технический уход  |2 stltpush  |3 (RuTPU)RU\TPU\subj\61257  |9 78459 
610 1 |a паровые тракторы 
610 1 |a тракторостроение 
610 1 |a производительность 
610 1 |a тяга 
610 1 |a ремонт 
610 1 |a срок эксплуатации 
610 1 |a скорость 
610 1 |a модели тракторов 
610 1 |a тракторные тележки 
610 1 |a руководства 
610 1 |a коллекция И. И. Бобарыкова 
675 |a 631.372(075.8)  |v 4 
700 1 |a Белянчиков  |b П. 
712 0 1 |a РСФСР  |b Народный комиссариат земледелия (Наркомзем, НКЗ)  |c (1917-1929)  |2 stltpush  |3 (RuTPU)RU\TPU\col\22381 
801 1 |a RU  |b 63413507  |c 20151124 
801 2 |a RU  |b 63413507  |c 20210419  |g RCR 
942 |c BK